Normal view
MARC view
Entry Personal Name
001 - CONTROL NUMBER
- control field: 49104
003 - CONTROL NUMBER IDENTIFIER
- control field: OSt
005 - DATE AND TIME OF LATEST TRANSACTION
- control field: 20241126122102.0
008 - FIXED-LENGTH DATA ELEMENTS
- fixed length control field: 241126|| aca||aabn | a|a d
040 ## - CATALOGING SOURCE
- Original cataloging agency: OSt
- Transcribing agency: OSt
100 ## - HEADING--PERSONAL NAME
- Personal name: Anders Barslund, et al
670 ## - SOURCE DATA FOUND
- Source citation: Work cat.: (OSt): Anders Barslund, et al , Can leadership improve interorganizational collaboration? Field-experimental evidence from a team-based leadership training intervention
